[Event "DEM U12w 2017"]
[Site "Willingen GER"]
[Date "2017.06.09"]
[Round "10"]
[White "Ziegenfuß, Antonia"]
[Black "Reuter, Elisa"]
[Result "1-0"]
[Termination "normal"]
[Board "1"]
[WhiteElo "1911"]
[BlackElo "1655"]
[WhiteClock "00:10:17"]
[BlackClock "00:09:12"]
[PlyCount "89"]
[WhiteFideId "12962554"]
[BlackFideId "12995444"]
[EventCountry "GER"]
[EventRounds "11"]
[EventType "swiss"]
[EventDate "2017.06.03"]

1. d4 {[%clk 1:15:59]} 1... Nf6 {[%clk 1:15:56]} 2. c4 {[%clk 1:16:19]} 2... g6
{[%clk 1:16:23]} 3. Nc3 {[%clk 1:16:43]} 3... d5 {[%clk 1:16:51]} 4. cxd5 {
[%clk 1:17:07]} 4... Nxd5 {[%clk 1:17:16]} 5. e4 {[%clk 1:17:27]} 5... Nxc3 {
[%clk 1:17:24]} 6. bxc3 {[%clk 1:17:51]} 6... Bg7 {[%clk 1:17:50]} 7. Qa4+ {
[%clk 1:17:56]} 7... c6 {[%clk 1:16:56]} 8. Nf3 {[%clk 1:17:24]} 8... O-O {
[%clk 1:16:40]} 9. Be2 {[%clk 1:14:16]} 9... Nd7 {[%clk 1:11:39]} 10. Bg5 {
[%clk 1:11:45]} 10... Bf6 {[%clk 1:06:24]} 11. h4 {[%clk 1:02:19]} 11... h5 {
[%clk 1:03:37]} 12. Bxf6 {[%clk 0:59:07]} 12... Nxf6 {[%clk 1:03:49]} 13. Ng5 {
[%clk 0:56:25]} 13... Kg7 {[%clk 0:56:28]} 14. Qc2 {[%clk 0:52:54]} 14... Qc7 {
[%clk 0:50:45]} 15. e5 {[%clk 0:25:56]} 15... Ng4 {[%clk 0:43:09]} 16. e6 {
[%clk 0:18:14]} 16... f5 {[%clk 0:34:35]} 17. Bxg4 {[%clk 0:14:28]} 17... fxg4
{[%clk 0:34:09]} 18. O-O {[%clk 0:13:39]} 18... Qf4 {[%clk 0:25:13]} 19. Rae1 {
[%clk 0:11:36]} 19... Qf5 {[%clk 0:24:09]} 20. Qxf5 {[%clk 0:10:25]} 20... gxf5
{[%clk 0:22:43]} 21. Re5 {[%clk 0:09:42]} 21... b6 {[%clk 0:17:04]} 22. d5 {
[%clk 0:07:18]} 22... Ba6 {[%clk 0:15:54]} 23. Rd1 {[%clk 0:06:47]} 23... Rad8
{[%clk 0:13:13]} 24. Nf7 {[%clk 0:05:28]} 24... Rxd5 {[%clk 0:11:53]} 25. Rdxd5
{[%clk 0:05:25]} 25... cxd5 {[%clk 0:12:12]} 26. Rxf5 {[%clk 0:03:43]} 26...
Bc8 {[%clk 0:09:28]} 27. Rg5+ {[%clk 0:03:53]} 27... Kf6 {[%clk 0:08:50]} 28.
Rxh5 {[%clk 0:03:35]} 28... Bxe6 {[%clk 0:09:10]} 29. Ng5 {[%clk 0:03:56]}
29... Bg8 {[%clk 0:08:42]} 30. Rh6+ {[%clk 0:03:47]} 30... Kg7 {[%clk 0:08:45]}
31. Rc6 {[%clk 0:04:05]} 31... Re8 {[%clk 0:03:30]} 32. Rc7 {[%clk 0:03:04]}
32... a6 {[%clk 0:02:50]} 33. Kh2 {[%clk 0:03:09]} 33... d4 {[%clk 0:00:58]}
34. cxd4 {[%clk 0:02:46]} 34... Bxa2 {[%clk 0:01:24]} 35. Rc6 {[%clk 0:02:26]}
35... Rb8 {[%clk 0:01:14]} 36. Kg3 {[%clk 0:02:10]} 36... Bd5 {[%clk 0:01:22]}
37. Rc7 {[%clk 0:02:26]} 37... Re8 {[%clk 0:01:11]} 38. Kxg4 {[%clk 0:02:03]}
38... Bxg2 {[%clk 0:01:31]} 39. f3 {[%clk 0:01:42]} 39... Bf1 {[%clk 0:01:38]}
40. d5 {[%clk 0:01:54]} 40... Kg8 {[%clk 0:01:18]} 41. Ne4 {[%clk 0:14:58]}
41... Kf8 {[%clk 0:14:50]} 42. h5 {[%clk 0:12:28]} 42... a5 {[%clk 0:12:38]}
43. h6 {[%clk 0:12:05]} 43... Bd3 {[%clk 0:10:50]} 44. d6 {[%clk 0:10:41]}
44... Bxe4 {[%clk 0:09:12]} 45. d7 {[%clk 0:10:17]} 1-0

[Event "DEM U12w 2017"]
[Site "Willingen GER"]
[Date "2017.06.09"]
[Round "10"]
[White "Oswald, Hannah"]
[Black "Orlova, Alicia"]
[Result "1/2-1/2"]
[Termination "normal"]
[Board "2"]
[WhiteElo "1502"]
[BlackElo "1452"]
[WhiteClock "00:01:54"]
[BlackClock "00:16:14"]
[PlyCount "85"]
[WhiteFideId "16214960"]
[BlackFideId "34154563"]
[EventCountry "GER"]
[EventRounds "11"]
[EventType "swiss"]
[EventDate "2017.06.03"]

1. e4 {[%clk 1:15:59]} 1... e5 {[%clk 1:15:53]} 2. Nf3 {[%clk 1:16:22]} 2...
Nc6 {[%clk 1:16:10]} 3. Bc4 {[%clk 1:16:46]} 3... Bc5 {[%clk 1:16:22]} 4. O-O {
[%clk 1:17:05]} 4... d6 {[%clk 1:16:24]} 5. c3 {[%clk 1:17:19]} 5... Qf6 {
[%clk 1:16:28]} 6. d3 {[%clk 1:17:30]} 6... h6 {[%clk 1:16:22]} 7. h3 7... Nge7
{[%clk 1:16:11]} 8. Nbd2 {[%clk 1:15:28]} 8... O-O {[%clk 1:15:59]} 9. Re1 {
[%clk 1:14:25]} 9... Qg6 {[%clk 1:14:38]} 10. Kf1 {[%clk 1:04:11]} 10... Be6 {
[%clk 1:12:27]} 11. Bxe6 {[%clk 1:01:49]} 11... fxe6 {[%clk 1:12:22]} 12. b4 {
[%clk 0:57:46]} 12... Bb6 {[%clk 1:12:01]} 13. a4 {[%clk 0:56:06]} 13... a6 {
[%clk 1:12:05]} 14. Re2 {[%clk 0:50:08]} 14... Rf7 {[%clk 1:07:17]} 15. Kg1 {
[%clk 0:39:23]} 15... Raf8 {[%clk 1:05:12]} 16. Kh2 {[%clk 0:37:51]} 16... Qf6
{[%clk 1:01:52]} 17. Nf1 {[%clk 0:33:43]} 17... Ng6 {[%clk 1:00:17]} 18. Qb3 {
[%clk 0:30:01]} 18... Re8 {[%clk 0:51:27]} 19. Ng3 {[%clk 0:27:03]} 19... Kh7 {
[%clk 0:46:09]} 20. Bd2 {[%clk 0:24:38]} 20... Nf4 {[%clk 0:41:57]} 21. Bxf4 {
[%clk 0:24:09]} 21... exf4 {[%clk 0:40:45]} 22. Nf1 {[%clk 0:23:00]} 22... e5 {
[%clk 0:37:20]} 23. N1d2 {[%clk 0:21:17]} 23... Rd7 {[%clk 0:35:52]} 24. Nc4 {
[%clk 0:20:13]} 24... Qe6 {[%clk 0:32:47]} 25. Qa2 {[%clk 0:19:49]} 25... Ba7 {
[%clk 0:29:48]} 26. Rb1 {[%clk 0:18:06]} 26... d5 {[%clk 0:26:03]} 27. exd5 {
[%clk 0:16:41]} 27... Rxd5 {[%clk 0:22:52]} 28. b5 {[%clk 0:15:54]} 28... Nb8 {
[%clk 0:20:07]} 29. bxa6 {[%clk 0:14:59]} 29... Nxa6 {[%clk 0:19:58]} 30. Rxb7
{[%clk 0:14:38]} 30... Bb6 {[%clk 0:20:05]} 31. Nxb6 {[%clk 0:13:26]} 31...
cxb6 32. Rxb6 {[%clk 0:13:38]} 32... Qxb6 {[%clk 0:18:36]} 33. Qxd5 { [%clk
0:12:58]} 33... Qc5 {[%clk 0:18:37]} 34. Qxc5 {[%clk 0:13:12]} 34... Nxc5
{[%clk 0:18:21]} 35. Rxe5 {[%clk 0:09:54]} 35... Rc8 {[%clk 0:18:03]} 36. Rd5 {
[%clk 0:09:16]} 36... Nxa4 37. Rd4 {[%clk 0:08:26]} 37... Nxc3 {[%clk 0:17:42]}
38. Rxf4 {[%clk 0:07:12]} 38... Rd8 39. Rc4 39... Rxd3 {[%clk 0:16:21]} 40. Ne5
{[%clk 0:06:22]} 40... Rd5 {[%clk 0:16:10]} 41. Rxc3 {[%clk 0:06:30]} 41...
Rxe5 {[%clk 0:16:26]} 42. Re3 {[%clk 0:05:36]} 42... Rc5 {[%clk 0:16:14]} 43.
f4 {[%clk 0:01:54]} 1/2-1/2

[Event "DEM U12w 2017"]
[Site "Willingen GER"]
[Date "2017.06.09"]
[Round "10"]
[White "Heutling, Elina"]
[Black "Liu, Sijia Anna"]
[Result "1-0"]
[Termination "normal"]
[Board "4"]
[WhiteElo "1461"]
[BlackElo "1529"]
[WhiteClock "00:06:58"]
[BlackClock "00:09:59"]
[PlyCount "113"]
[WhiteFideId "16244729"]
[BlackFideId "12989746"]
[EventCountry "GER"]
[EventRounds "11"]
[EventType "swiss"]
[EventDate "2017.06.03"]

1. e4 {[%clk 1:15:59]} 1... c5 {[%clk 1:16:19]} 2. Nf3 {[%clk 1:16:49]} 2...
Nc6 {[%clk 1:16:32]} 3. d4 {[%clk 1:17:12]} 3... cxd4 4. Nxd4 {[%clk 1:17:36]}
4... g6 {[%clk 1:17:05]} 5. Nc3 5... Bg7 {[%clk 1:17:26]} 6. Be3 { [%clk
1:17:54]} 6... Nf6 {[%clk 1:17:26]} 7. Bc4 {[%clk 1:17:17]} 7... Qa5 { [%clk
1:17:35]} 8. Nb3 {[%clk 1:00:59]} 8... Qb4 {[%clk 1:17:23]} 9. Bd3 { [%clk
0:54:57]} 9... Nxe4 {[%clk 1:17:09]} 10. Bxe4 {[%clk 0:53:44]} 10... Bxc3+
{[%clk 1:16:57]} 11. bxc3 {[%clk 0:53:41]} 11... Qxe4 {[%clk 1:16:42]} 12. O-O
{[%clk 0:53:27]} 12... d5 {[%clk 1:08:23]} 13. Re1 {[%clk 0:51:47]} 13... Qf5
{[%clk 1:06:19]} 14. Qd2 {[%clk 0:47:11]} 14... O-O {[%clk 1:01:11]} 15. Rad1
{[%clk 0:42:44]} 15... Rd8 {[%clk 0:58:24]} 16. Qe2 {[%clk 0:34:56]} 16... e5
{[%clk 0:54:11]} 17. f3 {[%clk 0:31:38]} 17... Be6 {[%clk 0:49:22]} 18. Qf2
{[%clk 0:28:33]} 18... g5 {[%clk 0:36:57]} 19. Re2 {[%clk 0:21:07]} 19... b5
{[%clk 0:24:57]} 20. Red2 {[%clk 0:18:05]} 20... f6 {[%clk 0:21:17]} 21. a3
{[%clk 0:15:07]} 21... Rdc8 {[%clk 0:16:23]} 22. Nc5 {[%clk 0:14:33]} 22... Na5
{[%clk 0:12:52]} 23. g4 {[%clk 0:13:21]} 23... Qg6 {[%clk 0:12:16]} 24. Nxe6
{[%clk 0:12:58]} 24... Rxc3 {[%clk 0:10:54]} 25. Rd3 {[%clk 0:09:00]} 25...
Rac8 {[%clk 0:09:10]} 26. Rxc3 {[%clk 0:07:51]} 26... Rxc3 { [%clk 0:09:36]}
27. Rxd5 {[%clk 0:04:27]} 27... Rxc2 {[%clk 0:09:28]} 28. Rd2 { [%clk 0:03:30]}
28... Rc1+ {[%clk 0:08:32]} 29. Kg2 {[%clk 0:03:42]} 29... Rc3 {[%clk 0:08:14]}
30. Bxa7 {[%clk 0:02:36]} 30... Rxa3 {[%clk 0:08:21]} 31. Qc5 {[%clk 0:02:34]}
31... Qe8 {[%clk 0:05:52]} 32. Rd8 {[%clk 0:02:15]} 32... Ra2+ {[%clk 0:05:50]}
33. Kg3 {[%clk 0:02:39]} 33... Kf7 {[%clk 0:06:12]} 34. Rxe8 { [%clk 0:02:57]}
34... Kxe8 {[%clk 0:06:27]} 35. Ng7+ {[%clk 0:01:59]} 35... Kf7 {[%clk
0:05:59]} 36. Qd5+ {[%clk 0:02:13]} 36... Kxg7 {[%clk 0:06:23]} 37. Qxa2 {[%clk
0:02:37]} 37... Nc6 {[%clk 0:06:39]} 38. Bc5 {[%clk 0:02:22]} 38... Nd4 {[%clk
0:05:29]} 39. Bxd4 {[%clk 0:02:34]} 39... exd4 {[%clk 0:05:56]} 40. Qd2 {[%clk
0:02:49]} 40... Kg6 {[%clk 0:05:58]} 41. Qxd4 {[%clk 0:03:05]} 41... Kg7 {[%clk
0:06:10]} 42. Qd7+ {[%clk 0:03:25]} 42... Kg6 {[%clk 0:06:05]} 43. Qxb5 {[%clk
0:03:50]} 43... Kg7 {[%clk 0:06:18]} 44. h4 {[%clk 0:03:30]} 44... h6 { [%clk
0:06:32]} 45. hxg5 {[%clk 0:03:42]} 45... hxg5 {[%clk 0:06:54]} 46. f4 { [%clk
0:03:58]} 46... Kh6 {[%clk 0:07:08]} 47. fxg5+ {[%clk 0:04:04]} 47... fxg5
{[%clk 0:07:36]} 48. Qf5 {[%clk 0:04:24]} 48... Kg7 {[%clk 0:07:45]} 49. Qxg5+
{[%clk 0:04:48]} 49... Kf7 {[%clk 0:08:06]} 50. Qh6 {[%clk 0:04:49]} 50... Ke7
{[%clk 0:08:16]} 51. Qg6 {[%clk 0:05:04]} 51... Kd7 {[%clk 0:08:34]} 52. Qf6
{[%clk 0:05:25]} 52... Kc7 {[%clk 0:08:56]} 53. Qe6 {[%clk 0:05:46]} 53... Kb7
{[%clk 0:09:13]} 54. Qd6 {[%clk 0:06:02]} 54... Kc8 {[%clk 0:09:26]} 55. Qe7
{[%clk 0:06:24]} 55... Kb8 {[%clk 0:09:46]} 56. g5 {[%clk 0:06:33]} 56... Ka8
{[%clk 0:09:59]} 57. g6 {[%clk 0:06:58]} 1-0

[Event "DEM U12w 2017"]
[Site "Willingen GER"]
[Date "2017.06.09"]
[Round "10"]
[White "Butenandt, Svenja"]
[Black "Stowicek, Yara Mathilda"]
[Result "1-0"]
[Termination "normal"]
[Board "5"]
[WhiteElo "1473"]
[BlackElo "1455"]
[WhiteClock "00:05:05"]
[BlackClock "00:09:50"]
[PlyCount "119"]
[WhiteFideId "12993859"]
[BlackFideId "16203569"]
[EventCountry "GER"]
[EventRounds "11"]
[EventType "swiss"]
[EventDate "2017.06.03"]

1. e4 {[%clk 1:15:59]} 1... e5 {[%clk 1:15:53]} 2. Bc4 {[%clk 1:16:25]} 2...
Nf6 {[%clk 1:16:11]} 3. d3 {[%clk 1:16:51]} 3... c6 {[%clk 1:16:35]} 4. Nf3 {
[%clk 1:16:48]} 4... d5 {[%clk 1:16:28]} 5. Bb3 {[%clk 1:17:13]} 5... Bd6 {
[%clk 1:16:22]} 6. exd5 {[%clk 1:17:31]} 6... Nxd5 {[%clk 1:15:49]} 7. O-O {
[%clk 1:17:30]} 7... O-O {[%clk 1:15:51]} 8. Re1 {[%clk 1:16:23]} 8... Nd7 {
[%clk 1:14:55]} 9. Bg5 {[%clk 1:11:18]} 9... Qc7 {[%clk 1:09:04]} 10. Nbd2 {
[%clk 1:10:26]} 10... Nc5 {[%clk 1:00:47]} 11. Nc4 {[%clk 1:07:28]} 11... Nxb3
{[%clk 1:00:15]} 12. axb3 {[%clk 1:07:49]} 12... f6 {[%clk 1:00:02]} 13. Nxd6 {
[%clk 1:07:24]} 13... Qxd6 {[%clk 0:58:49]} 14. Bh4 {[%clk 1:07:03]} 14... Bg4
{[%clk 0:57:47]} 15. Re4 {[%clk 1:03:36]} 15... Bf5 {[%clk 0:52:22]} 16. Re2 {
[%clk 0:59:43]} 16... Nf4 {[%clk 0:47:48]} 17. Rd2 {[%clk 0:59:02]} 17... a6 {
[%clk 0:45:58]} 18. Bg3 {[%clk 0:58:08]} 18... Nh5 {[%clk 0:43:38]} 19. d4 {
[%clk 0:54:55]} 19... Nxg3 {[%clk 0:41:16]} 20. dxe5 {[%clk 0:52:30]} 20... Qe7
{[%clk 0:39:28]} 21. hxg3 {[%clk 0:51:37]} 21... fxe5 {[%clk 0:39:36]} 22. Re2
{[%clk 0:50:48]} 22... e4 {[%clk 0:38:56]} 23. Nd2 {[%clk 0:49:12]} 23... Rad8
{[%clk 0:38:07]} 24. Qe1 {[%clk 0:48:01]} 24... Qf6 {[%clk 0:35:34]} 25. c3 {
[%clk 0:46:17]} 25... Rde8 {[%clk 0:35:11]} 26. Ra4 {[%clk 0:45:26]} 26... Qg5
{[%clk 0:22:49]} 27. Nxe4 {[%clk 0:40:05]} 27... Bxe4 {[%clk 0:22:27]} 28.
Raxe4 {[%clk 0:39:34]} 28... Rxe4 {[%clk 0:22:09]} 29. Rxe4 {[%clk 0:39:58]}
29... Qd5 {[%clk 0:21:04]} 30. c4 {[%clk 0:37:23]} 30... Qd3 {[%clk 0:20:21]}
31. Re3 {[%clk 0:36:24]} 31... Qc2 {[%clk 0:19:49]} 32. Re8 {[%clk 0:34:38]}
32... Qf5 {[%clk 0:19:32]} 33. Rxf8+ {[%clk 0:33:38]} 33... Kxf8 { [%clk
0:19:25]} 34. Qb4+ {[%clk 0:33:17]} 34... Kg8 {[%clk 0:18:13]} 35. Qxb7 { [%clk
0:32:30]} 35... Qd3 {[%clk 0:17:26]} 36. Kh2 {[%clk 0:26:48]} 36... Qf5 { [%clk
0:17:04]} 37. f3 {[%clk 0:25:57]} 37... Qh5+ {[%clk 0:17:04]} 38. Kg1 { [%clk
0:26:22]} 38... Qc5+ {[%clk 0:17:03]} 39. Kf1 {[%clk 0:26:43]} 39... Qd4 {[%clk
0:15:24]} 40. Qc8+ {[%clk 0:15:04]} 40... Kf7 {[%clk 0:15:32]} 41. Qf5+ {[%clk
0:11:26]} 41... Kg8 {[%clk 0:15:34]} 42. Qe4 {[%clk 0:09:35]} 42... Qd1+ {[%clk
0:15:00]} 43. Kf2 {[%clk 0:09:54]} 43... Qd2+ {[%clk 0:15:02]} 44. Qe2 { [%clk
0:08:44]} 44... Qd4+ {[%clk 0:14:59]} 45. Kf1 {[%clk 0:09:01]} 45... Kf7 {[%clk
0:14:12]} 46. f4 {[%clk 0:07:18]} 46... c5 {[%clk 0:13:13]} 47. Qh5+ { [%clk
0:06:12]} 47... Kf6 {[%clk 0:12:20]} 48. Qg5+ {[%clk 0:05:02]} 48... Kf7 {[%clk
0:12:28]} 49. Qf5+ {[%clk 0:04:37]} 49... Kg8 {[%clk 0:11:43]} 50. Qd5+ {[%clk
0:02:54]} 50... Qxd5 {[%clk 0:11:33]} 51. cxd5 {[%clk 0:03:21]} 51... Kf7
{[%clk 0:11:51]} 52. Ke2 {[%clk 0:03:45]} 52... Ke7 {[%clk 0:11:23]} 53. Kd3
{[%clk 0:04:06]} 53... Kd6 {[%clk 0:11:12]} 54. Kc4 {[%clk 0:04:23]} 54... g6
{[%clk 0:09:46]} 55. g4 {[%clk 0:04:31]} 55... h6 {[%clk 0:10:02]} 56. f5 {
[%clk 0:04:08]} 56... gxf5 {[%clk 0:09:50]} 57. gxf5 {[%clk 0:04:34]} 57... h5
{[%clk 0:09:28]} 58. f6 {[%clk 0:04:29]} 58... h4 {[%clk 0:09:31]} 59. f7 {
[%clk 0:04:44]} 59... Ke7 {[%clk 0:09:50]} 60. Kxc5 {[%clk 0:05:05]} 1-0

[Event "DEM U12w 2017"]
[Site "Willingen GER"]
[Date "2017.06.09"]
[Round "10"]
[White "Bashylina, Luisa"]
[Black "Bayer, Melissa"]
[Result "1-0"]
[Termination "normal"]
[Board "6"]
[WhiteElo "1525"]
[BlackElo "1583"]
[WhiteClock "00:36:05"]
[BlackClock "00:33:17"]
[PlyCount "92"]
[WhiteFideId "12983292"]
[BlackFideId "16206916"]
[EventCountry "GER"]
[EventRounds "11"]
[EventType "swiss"]
[EventDate "2017.06.03"]

1. e4 {[%clk 1:15:58]} 1... e5 {[%clk 1:15:45]} 2. Nf3 {[%clk 1:16:22]} 2...
Nc6 {[%clk 1:15:57]} 3. d4 {[%clk 1:16:45]} 3... exd4 {[%clk 1:16:13]} 4. Nxd4
{[%clk 1:17:11]} 4... Bc5 {[%clk 1:16:21]} 5. Be3 {[%clk 1:17:29]} 5... Qf6 {
[%clk 1:16:09]} 6. c3 {[%clk 1:17:42]} 6... Nge7 {[%clk 1:15:46]} 7. Bc4 {
[%clk 1:17:55]} 7... O-O {[%clk 1:15:03]} 8. O-O {[%clk 1:17:58]} 8... Ne5 {
[%clk 1:14:11]} 9. Be2 {[%clk 1:18:23]} 9... Bb6 {[%clk 1:13:58]} 10. f4 {
[%clk 1:16:10]} 10... N5c6 {[%clk 1:13:11]} 11. Na3 {[%clk 1:13:53]} 11... Nxd4
{[%clk 1:10:17]} 12. cxd4 {[%clk 1:11:44]} 12... Nc6 {[%clk 1:09:02]} 13. Nc2 {
[%clk 1:10:39]} 13... d6 {[%clk 1:02:16]} 14. Qd2 {[%clk 1:05:59]} 14... Bd7 {
[%clk 0:54:12]} 15. e5 {[%clk 0:57:04]} 15... dxe5 {[%clk 0:53:25]} 16. fxe5 {
[%clk 0:56:01]} 16... Qe6 {[%clk 0:52:14]} 17. d5 {[%clk 0:54:47]} 17... Bxe3+
{[%clk 0:51:18]} 18. Nxe3 {[%clk 0:55:07]} 18... Qxe5 {[%clk 0:49:54]} 19. dxc6
{[%clk 0:54:49]} 19... Bxc6 {[%clk 0:50:12]} 20. Bc4 {[%clk 0:52:22]} 20... Qg5
{[%clk 0:48:50]} 21. Qf2 {[%clk 0:48:49]} 21... Qg6 {[%clk 0:46:00]} 22. Qf5 {
[%clk 0:46:58]} 22... Qxf5 {[%clk 0:44:31]} 23. Nxf5 {[%clk 0:46:32]} 23... Kh8
{[%clk 0:41:50]} 24. Nd4 {[%clk 0:44:05]} 24... Rad8 {[%clk 0:38:10]} 25. Nxc6
{[%clk 0:43:36]} 25... bxc6 {[%clk 0:38:32]} 26. Rxf7 {[%clk 0:43:52]} 26...
Rxf7 {[%clk 0:38:34]} 27. Bxf7 {[%clk 0:44:07]} 27... Rd2 {[%clk 0:38:43]} 28.
Re1 {[%clk 0:43:54]} 28... g6 {[%clk 0:38:58]} 29. b4 {[%clk 0:42:50]} 29...
Rd7 {[%clk 0:38:36]} 30. Be6 {[%clk 0:41:31]} 30... Re7 {[%clk 0:38:15]} 31.
Kf2 {[%clk 0:41:52]} 31... Kg7 {[%clk 0:38:16]} 32. Bb3 {[%clk 0:40:53]} 32...
Rd7 {[%clk 0:37:00]} 33. Rd1 {[%clk 0:41:05]} 33... Rd6 {[%clk 0:36:22]} 34.
Ba4 {[%clk 0:40:25]} 34... Rxd1 {[%clk 0:34:46]} 35. Bxd1 {[%clk 0:40:46]}
35... Kf6 {[%clk 0:35:04]} 36. Bf3 {[%clk 0:40:55]} 36... Ke5 {[%clk 0:33:24]}
37. Bxc6 {[%clk 0:41:09]} 37... Kd4 {[%clk 0:33:12]} 38. Kf3 {[%clk 0:38:57]}
38... Kc4 {[%clk 0:33:29]} 39. b5 {[%clk 0:39:16]} 39... Kc5 {[%clk 0:33:55]}
40. Kf4 {[%clk 0:37:37]} 40... a6 {[%clk 0:34:08]} 41. a4 {[%clk 0:37:29]}
41... Kd6 {[%clk 0:33:30]} 42. h4 {[%clk 0:36:05]} 42... h6 {[%clk 0:33:37]}
43. Be8 {[%clk 0:35:31]} 43... axb5 {[%clk 0:33:54]} 44. axb5 {[%clk 0:35:18]}
44... g5+ {[%clk 0:33:12]} 45. hxg5 {[%clk 0:35:41]} 45... hxg5+ { [%clk
0:33:17]} 46. Kxg5 {[%clk 0:36:05]} 46... Kd5 1-0

[Event "DEM U12w 2017"]
[Site "Willingen GER"]
[Date "2017.06.09"]
[Round "10"]
[White "Doll, Rebecca"]
[Black "Peglau, Mirjam"]
[Result "0-1"]
[Termination "normal"]
[Board "7"]
[WhiteElo "1473"]
[BlackElo "1579"]
[PlyCount "70"]
[WhiteFideId "16236890"]
[BlackFideId "16211138"]
[EventCountry "GER"]
[EventRounds "11"]
[EventType "swiss"]
[EventDate "2017.06.03"]

1. e4 c5 2. c3 d5 3. exd5 Qxd5 4. d4 Nf6 5. Nf3 Bg4 6. Be2 Nc6 7. Na3 e6 8. O-O
Be7 9. Be3 cxd4 10. Nb5 Qd8 11. Nbxd4 Nxd4 12. Bxd4 O-O 13. Ne5 Bxe2 14. Qxe2
Qc7 15. Rad1 a6 16. Rfe1 Rac8 17. h3 Bc5 18. Bxc5 Qxc5 19. Nd7 Nxd7 20. Rxd7
Qb6 21. Red1 Rc7 22. R1d6 Rc6 23. Rxc6 Qxc6 24. Qd3 Qb6 25. Qd2 h6 26. c4 Qc6
27. b3 b5 28. cxb5 Qxb5 29. Ra7 Qb6 30. Qd7 Qa5 31. Qd4 Qxa2 32. Qa4 Qb1+ 33.
Kh2 Qf5 34. Qd4 Qb5 35. Qa4 Qb8+ 0-1

[Event "DEM U12w 2017"]
[Site "Willingen GER"]
[Date "2017.06.09"]
[Round "10"]
[White "Zöllner, Bente"]
[Black "Nguyen, Phuong Thao Vivien"]
[Result "0-1"]
[Termination "normal"]
[Board "8"]
[WhiteElo "1397"]
[BlackElo "1540"]
[PlyCount "90"]
[WhiteFideId "16230523"]
[BlackFideId "16210735"]
[EventCountry "GER"]
[EventRounds "11"]
[EventType "swiss"]
[EventDate "2017.06.03"]

1. d4 Nf6 2. c4 g6 3. Nc3 Bg7 4. e4 d6 5. Be2 O-O 6. Bg5 h6 7. Be3 Nbd7 8. h4
c5 9. d5 Ne5 10. f3 e6 11. g4 exd5 12. cxd5 Ne8 13. h5 g5 14. Nh3 Nf6 15. Nf2
Rb8 16. O-O a6 17. Nd3 Nfd7 18. Rb1 b5 19. b4 Nxd3 20. Qxd3 Ne5 21. Qc2 cxb4
22. Rxb4 Bd7 23. a4 a5 24. Rb2 b4 25. Nb5 Bxb5 26. Bxb5 Qf6 27. Kg2 Nxg4 28.
Rb3 Nxe3+ 29. Rxe3 Qf4 30. Rb3 Be5 31. Rh1 Rbc8 32. Qe2 Qg3+ 33. Kf1 Rc1+ 34.
Qd1 Rxd1+ 35. Ke2 Rxh1 36. Bc6 Re1+ 37. Kd3 Qxf3+ 38. Kc4 Qe2+ 39. Rd3 Rc1+ 40.
Kb5 Qxd3+ 41. Kb6 Bd4+ 42. Kc7 Qa6 43. Kxd6 Bc5+ 44. Ke5 f5 45. Bd7 Qd6# 0-1

[Event "DEM U12w 2017"]
[Site "Willingen GER"]
[Date "2017.06.09"]
[Round "10"]
[White "Reichelt, Lena"]
[Black "Evering, Enna"]
[Result "1/2-1/2"]
[Termination "normal"]
[Board "9"]
[WhiteElo "1467"]
[BlackElo "1419"]
[PlyCount "75"]
[WhiteFideId "12981184"]
[BlackFideId "16218213"]
[EventCountry "GER"]
[EventRounds "11"]
[EventType "swiss"]
[EventDate "2017.06.03"]

1. d4 Nf6 2. Nf3 d5 3. e3 e6 4. c4 Nbd7 5. Nc3 Bb4 6. a3 Bxc3+ 7. bxc3 O-O 8.
Bd3 b6 9. O-O c5 10. cxd5 exd5 11. a4 Bb7 12. Ba3 Re8 13. Rb1 Bc6 14. dxc5 bxc5
15. c4 Nb6 16. cxd5 Qxd5 17. a5 Nbd7 18. Qc2 Qh5 19. Be2 Be4 20. Bd3 Bxf3 21.
gxf3 Qxf3 22. Qe2 Ne5 23. Rfc1 Qd5 24. Bxh7+ Nxh7 25. f4 Ng6 26. Rxc5 Qe6 27.
f5 Qxe3+ 28. Qxe3 Rxe3 29. fxg6 Rxa3 30. gxh7+ Kxh7 31. Rf1 f6 32. Rff5 Ra1+
33. Kg2 Ra2+ 34. Kg1 Kg6 35. h4 Ra1+ 36. Kg2 Ra2+ 37. Kg1 Ra1+ 38. Kg2 1/2-1/2

[Event "DEM U12w 2017"]
[Site "Willingen GER"]
[Date "2017.06.09"]
[Round "10"]
[White "Werner, Rosalie"]
[Black "Breß, Amy Charlize"]
[Result "0-1"]
[Termination "normal"]
[Board "10"]
[WhiteElo "1397"]
[BlackElo "1655"]
[PlyCount "148"]
[WhiteFideId "16223748"]
[BlackFideId "16233786"]
[EventCountry "GER"]
[EventRounds "11"]
[EventType "swiss"]
[EventDate "2017.06.03"]

1. e4 c5 2. Nf3 e6 3. d4 cxd4 4. Nxd4 Nf6 5. Nc3 Bb4 6. Bg5 Bxc3+ 7. bxc3 Qa5
8. Nb5 Nxe4 9. Qh5 Nxg5 10. Qxg5 O-O 11. Qg3 Nc6 12. Be2 a6 13. Nd6 Qc7 14. Bf3
b5 15. Bxc6 Qxc6 16. O-O Bb7 17. Nxb7 Qxb7 18. Rfe1 Rac8 19. Re3 Qc7 20. Qh4
Qd8 21. Qh5 Qf6 22. Qh3 Rc4 23. Rd1 d5 24. Rdd3 Rh4 25. Qg3 Qf4 26. Qxf4 Rxf4
27. Rd4 Rxd4 28. cxd4 Rc8 29. Re2 Rc4 30. Rd2 a5 31. Kf1 b4 32. Ke2 Kf8 33. Kd1
Ke7 34. Kc1 Kd6 35. f4 a4 36. Kb2 Kc6 37. Rd3 h6 38. c3 bxc3+ 39. Rxc3 Rxc3 40.
Kxc3 Kb5 41. a3 g5 42. g3 f6 43. Kd3 gxf4 44. gxf4 h5 45. h4 e5 46. fxe5 fxe5
47. dxe5 Kc5 48. Kc3 d4+ 49. Kd3 Kd5 50. e6 Kxe6 51. Kxd4 Kf5 52. Kd5 Kg4 53.
Ke4 Kxh4 54. Kf4 Kh3 55. Kf3 h4 56. Kf2 Kg4 57. Kg2 Kf4 58. Kh3 Ke4 59. Kxh4
Kd4 60. Kg4 Kc4 61. Kf4 Kb3 62. Ke4 Kxa3 63. Kd3 Kb2 64. Kc4 a3 65. Kd5 a2 66.
Ke5 a1=Q 67. Ke4 Qd1 68. Ke3 Qg4 69. Kd3 Kb3 70. Ke3 Kc4 71. Kd2 Qf3 72. Ke1
Qg2 73. Kd1 Kd3 74. Ke1 Qe2# 0-1

[Event "DEM U12w 2017"]
[Site "Willingen GER"]
[Date "2017.06.09"]
[Round "10"]
[White "Zixin, Li"]
[Black "Karlinger De la Quintana, Ainhoa"]
[Result "0-1"]
[Termination "normal"]
[Board "11"]
[WhiteElo "1094"]
[BlackElo "1344"]
[PlyCount "87"]
[WhiteFideId "16244770"]
[BlackFideId "16217268"]
[EventCountry "GER"]
[EventRounds "11"]
[EventType "swiss"]
[EventDate "2017.06.03"]

1. e4 e6 2. d4 d5 3. exd5 exd5 4. Bd3 Nf6 5. Ne2 Bg4 6. O-O Bd6 7. f3 Be6 8.
Bf4 O-O 9. Bxd6 Qxd6 10. Nbc3 c6 11. Ng3 Nbd7 12. Qd2 Rfe8 13. Rae1 Nf8 14. Nf5
Bxf5 15. Bxf5 Ng6 16. Bxg6 hxg6 17. Rxe8+ Rxe8 18. Re1 Rxe1+ 19. Qxe1 Qb4 20.
Qb1 Qxd4+ 21. Kh1 Nh5 22. g3 b6 23. Ne2 Qe3 24. Qf1 Qd2 25. Ng1 Qxc2 26. Qa6
Qxb2 27. Qxa7 d4 28. Qd7 c5 29. Qc8+ Kh7 30. Qh3 d3 31. g4 Kh6 32. gxh5 gxh5
33. Qc8 d2 34. Qh8+ Kg6 35. Qd8 Qd4 36. Qxb6+ Qf6 37. Qb1+ Kh6 38. Qd3 Qd4 39.
Qa6+ g6 40. Qc8 d1=Q 41. Qf8+ Kg5 42. Qe7+ f6 43. f4+ Kf5 44. Kg2 0-1